|
|
|
|
| LEADER |
02368nam a22003253i 4500 |
| 001 |
EBC31498633 |
| 003 |
MiAaPQ |
| 005 |
20240729202206.0 |
| 006 |
m o d | |
| 007 |
cr cnu|||||||| |
| 008 |
240729s2020 xx o ||||0 spa d |
| 020 |
|
|
|a 9789240001114
|q (electronic bk.)
|
| 035 |
|
|
|a (MiAaPQ)EBC31498633
|
| 035 |
|
|
|a (Au-PeEL)EBL31498633
|
| 040 |
|
|
|a MiAaPQ
|b eng
|e rda
|e pn
|c MiAaPQ
|d MiAaPQ
|
| 245 |
1 |
0 |
|a Prevención y Control de Infecciones Durante la Atención Sanitaria de Casos en Los Que Se Sospecha una Infección Por el Nuevo Coronavirus (nCoV) :
|b Orientaciones Provisionales, 25 de Enero De 2020.
|
| 250 |
|
|
|a 1st ed.
|
| 264 |
|
1 |
|a Geneva :
|b World Health Organization,
|c 2020.
|
| 264 |
|
4 |
|c {copy}2020.
|
| 300 |
|
|
|a 1 online resource (5 pages)
|
| 336 |
|
|
|a text
|b txt
|2 rdacontent
|
| 337 |
|
|
|a computer
|b c
|2 rdamedia
|
| 338 |
|
|
|a online resource
|b cr
|2 rdacarrier
|
| 505 |
0 |
|
|a Introducción -- Principios de las estrategias de prevención y control de infecciones relacionadas con la atención sanitaria de casos en los que se sospecha una infección por el nuevo coronavirus -- 2. Aplicar precauciones habituales a todos los pacientes -- 3.1 Precauciones relativas al contacto y a las gotículas respiratorias -- 3.2 Precauciones para evitar el contagio por vía aérea en procedimientos que generan aerosoles -- Tiempo de aplicación de las precauciones relativas al contacto y las gotículas respiratorias de pacientes con infección por nCoV -- Recogida y manipulación de muestras de laboratorio procedentes de casos en los que se sospecha una infección por 2019-nCoV -- Recomendación para la atención ambulatoria -- Agradecimientos -- Referencias.
|
| 588 |
|
|
|a Description based on publisher supplied metadata and other sources.
|
| 590 |
|
|
|a Electronic reproduction. Ann Arbor, Michigan : ProQuest Ebook Central, 2024. Available via World Wide Web. Access may be limited to ProQuest Ebook Central affiliated libraries.
|
| 655 |
|
4 |
|a Electronic books.
|
| 776 |
0 |
8 |
|i Print version:
|t Prevención y Control de Infecciones Durante la Atención Sanitaria de Casos en Los Que Se Sospecha una Infección Por el Nuevo Coronavirus (nCoV)
|d Geneva : World Health Organization,c2020
|
| 797 |
2 |
|
|a ProQuest (Firm)
|
| 856 |
4 |
0 |
|u https://ebookcentral.proquest.com/lib/matrademy/detail.action?docID=31498633
|z Click to View
|